000 01481nam a22003137a 4500
003 PE SENCICO BE
005 20251020182652.0
008 240213b |||||||| |||| 00| 0 eng d
040 _aPE SENCICO BE
_cPE SENCICO BE
041 _aspa
084 _aI
_aDIS
_a2012
_bM39
100 1 _91955
_aMejía Pretell, César Rolando
_eautor
245 1 _aEl color en el espacio interior /
_cCésar Orlando Mejía Pretell
246 _aAplicación de color en diseño interior de espacios de dormitorios: bebé, niño adolescente y adulto
260 _aLima :
_c2012
300 _a2 v. :
_bil. col., gráf., plans.;
_c30 x 40 cm.
500 _aTexto en dos volúmenes. El volumen 2 contiene planos (30 x 40 cm.).
502 _aMonografía de Titulación.-- Servicio Nacional de Capacitación para la Industria de la Construcción. Escuela Superior Técnica. Carrera Profesional Técnica en Diseño de Interiores, 2012
505 0 _av. 1: El color en el espacio interior -- v. 2: Aplicación de color en diseño interior de espacios de dormitorios: bebé, niño adolescente y adulto
650 1 0 _944
_aDiseño de interiores
650 2 0 _91793
_aColor en el diseño
650 2 0 _9199
_aDistribución de espacios (viviendas)
650 2 0 _9615
_aPlanos
650 2 0 _91048
_aDormitorios
650 2 0 _9615
_aPlanos
710 1 _aServicio Nacional de Capacitación para la Industria de la Construcción.
_bEscuela Superior Técnica
_91065
910 _bhfp
_chfp
942 _cMON
_2ddc
999 _c4567
_d4567